LEADER 01007nam0-2200337---450- 001 990009678890403321 005 20130208095913.0 010 $a978-88-15-14992-3 035 $a000967889 035 $aFED01000967889 035 $a(Aleph)000967889FED01 035 $a000967889 100 $a20130208d2011----km-y0itay50------ba 101 0 $aita 102 $aIT 105 $ay-------001yy 200 1 $a<>tramonto di un'illusione$eEdoardo Giretti e il movimento liberista italiano dalla prima guerra mondiale al fascismo$fLucio D'Angelo 210 $aBologna$cIl mulino$d2011 215 $a415 p.$d22 cm 225 1 $a<>veliero 610 0 $aGiretti, Edoardo 610 0 $aLiberismo$aItalia$a1887-1940 676 $a330.1220945$v22$zita 700 1$aD'Angelo,$bLucio$0156555 801 0$aIT$bUNINA$gREICAT$2UNIMARC 901 $aBK 912 $a990009678890403321 952 $aXII A 1532$b48460$fFSPBC 959 $aFSPBC 996 $aTramonto di un'illusione$9839677 997 $aUNINA LEADER 00923cam0-2200325---450- 001 990004230790403321 005 20140722133604.0 010 $a3-15-008151-3 035 $a000423079 035 $aFED01000423079 035 $a(Aleph)000423079FED01 035 $a000423079 100 $a19990604d1996----km-y0itay50------ba 101 0 $ager 102 $aDE 200 1 $aFrank Wedekind Frühlings Erwachen$fvon Hans Wagener 210 $aStuttgart$cReclam$d1996 215 $a203 p.$d16 cm 225 1 $aUniversal Bibliothek$v8151 225 1 $aErläuterungen und Dokumente$v8151 610 0 $aWedekind Frank$aFrühlings Erwachen 676 $a832.8 700 1$aWagener,$bHans$0132572 801 0$aIT$bUNINA$gRICA$2UNIMARC 901 $aBK 912 $a990004230790403321 952 $a832.8 WEDE/S 1$bBibl.21912$fFLFBC 959 $aFLFBC 996 $aFrank Wedekind Frühlings Erwachen$9482217 997 $aUNINA